00668nam a2200205 i 4500001001100000003000500011005001700016008004100033040002500074082001500099100003100114245006700145264006800212300002300280336002100303337002500324338002300349500004500372650004500417C2-0244662PPAK20180727205852.0030107s2001 my |||| ||||| | may d aPPAKbengcPPAKerda04a899.232230 aMohd Yusof Hasan, eauthor10aTeori SPB4L dan penenrapan dalam kritikan kesusasteraan Melayu 1aKuala Lumpur : bPersatuan Pengkritik Sastera Malaysia , c2001 a31 pages ; c30 cm 2rdacontentatext 2rdamediaaunmediated 2rdacarrieravolume aSeminar Kritikan Sastera Melayu Serantau10aMalay literature - History and criticism